Preparacion y evaluacion de proyectos.
Uloženo v:
| Hlavní autor: | |
|---|---|
| Další autoři: | , |
| Médium: | Neznámo |
| Vydáno: |
México, D.F., México:
McGraw-Hill,
2014.
|
| Vydání: | Sexta edición. |
| Témata: | |
| Tagy: |
Přidat tag
Žádné tagy, Buďte první, kdo vytvoří štítek k tomuto záznamu!
|
MARC
| LEADER | 00000 a2200000 4500 | ||
|---|---|---|---|
| 003 | CL-VaPUC | ||
| 005 | 20250321101913.0 | ||
| 008 | 250114t2014 ||||| |||| 00| 0 spa d | ||
| 999 | |c 445628 |d 445626 | ||
| 020 | |a 9786071511447 | ||
| 040 | |c Pontificia Universidad Católica de Valparaíso | ||
| 082 | 4 | |a 658.404 SAP 2014 |2 22 | |
| 100 | |a Sapag Chain, Nassir |9 297868 |e autor | ||
| 245 | |a Preparacion y evaluacion de proyectos. | ||
| 250 | |a Sexta edición. | ||
| 260 | |a México, D.F., México: |b McGraw-Hill, |c 2014. | ||
| 300 | |a xii, 354 páginas | ||
| 500 | |a c.1-c.2. Instituto Arcos 8-1-2025. | ||
| 583 | |k Cristina María Rojas Aguilar |c 20250114 | ||
| 650 | 0 | |a Evaluación de proyectos |9 259341 | |
| 700 | |a Sapag Chain, Reinaldo |9 297869 |e autor | ||
| 700 | |a Sapag Puelma, José Manuel |9 408346 |e autor | ||
| 942 | |n 0 |2 ddc |c BK | ||
| 952 | |0 0 |1 0 |2 ddc |4 0 |6 658_404000000000000_SAP_2014 |7 0 |8 A |9 599302 |a BIBINC |b BIBINC |d 2025-01-14 |e Instituto Arcos |i 5664342 |o 658.404 SAP 2014 |p 5664342 |r 2025-01-14 |t 2 |w 2025-01-14 |y BK |k IFP | ||
| 952 | |0 0 |1 0 |2 ddc |4 0 |6 658_404000000000000_SAP_2014 |7 0 |8 A |9 599303 |a BIBINC |b BIBINC |d 2025-01-14 |e Instituto Arcos |i 5664341 |o 658.404 SAP 2014 |p 5664341 |r 2025-01-14 |t 1 |w 2025-01-14 |y BK |k IFP | ||